000 00526nam a22001932 4500
001 0000002043
005 20151217155815.0
008 070330s xx 000 0 eng d
040 _aKABU
_cKABU
050 0 _aHD9235
_b.P32T36W66
100 1 _aWood, Allan.
_@0000151253
245 1 4 _aThe Groundnut affair.
260 _aLondon :
_bBodley Head,
_c1950.
300 _a264 p.
650 0 _aPeanuts
_zTanzania.
_@0000151254
908 _a070330
950 _@1
999 _c12682
_d12682